Scrivi lo Stato Valido #6 - Statistics

Statistiche generali
  • Questo quiz è stato fatto 7.823 volte
  • Il punteggio medio è 13 su 20
Statistiche sulle risposte
Nomina uno Stato... Risposte % Corretto
...attraversato dalle montagne dell'Himalaya Afghanistan | Bhutan | Cina | India | Nepal | Pakistan
96%
...più piccolo del Liechtenstein ma più grande della Città del Vaticano Nauru | Tuvalu | Monaco | San Marino
92%
...con una popolazione tra i 100 e i 200 milioni Bangladesh | Egitto | Etiopia | Filippine | Giappone | Messico | Russia
88%
...continentale a sud del Messico e a nord della Colombia Guatemala | Belize | Honduras | El Salvador | Nicaragua | Costa Rica | Panama
82%
...con armi nucleari non accettate dal diritto internazionale Corea del Nord | India | Israele | Pakistan
80%
...che hanno invaso gli USA Giappone | Messico | Regno Unito
78%
...che si affacciano sul Mar Caspio Azerbaigian | Iran | Kazakistan | Russia | Turkmenistan
73%
...che è stato, totalmente o parzialmente, una colonia del Regno d'Italia Albania | Cina | Eritrea | Etiopia | Grecia | Libia | Somalia
70%
...che reclamano dei territori in Antartide Argentina | Australia | Cile | Francia | Nuova Zelanda | Norvegia | Regno Unito
70%
...dei Caraibi che ha un "santo" nel nome Saint Kitts e Nevis | Santa Lucia | Saint Vincent e Grenadine
69%
...che tocca il deserto del Gobi Mongolia | Cina
69%
...che ha lo stesso nome di uno degli Stati Uniti Georgia
65%
...bagnato sia dall'Oceano Indiano che dall'Oceano Pacifico Australia | Indonesia | Malesia | Thailandia | Timor Est
61%
...con la capitale che inizia per H Finlandia | Isole Salomone | Vietnam | Zimbabwe
60%
...il quale si trovava un'antica città di nome Tebe Egitto | Grecia
59%
...che confina col Burundi Rep. Dem. Congo | Ruanda | Tanzania
56%
...sull'isola di Hispaniola Haiti | Repubblica Dominicana
45%
...con la bandiera composta solamente da verde e rosso Bangladesh | Marocco
43%
...che tocca il deserto del Kalahari Botswana | Sudafrica | Namibia
35%
...che confinano con Territori Britannici d'Oltremare Cipro | Spagna
23%
Nessun quiz corrispondente trovato
Distribuzione punteggi
Percentuale di utenti per punteggio
Percentile per numero di risposta
I tuoi punteggi nel tempo
Non hai fatto questo quiz